<?xml version='1.0' encoding='UTF-8'?>
  <record xmlns="http://www.loc.gov/MARC21/slim">
    <leader>00000cem a2200000 i 4500</leader>
    <controlfield tag="001">ocn902704217</controlfield>
    <controlfield tag="003">OCoLC</controlfield>
    <controlfield tag="005">20250906112137.8</controlfield>
    <controlfield tag="007">au auuun</controlfield>
    <controlfield tag="008">150202s1710    be        u     0   fre d</controlfield>
    <datafield tag="040" ind1=" " ind2=" ">
      <subfield code="a">NLGGC</subfield>
      <subfield code="b">dut</subfield>
      <subfield code="e">fobidrtb</subfield>
      <subfield code="c">NLGGC</subfield>
      <subfield code="d">QGJ</subfield>
      <subfield code="d">OCLCO</subfield>
      <subfield code="d">OCLCL</subfield>
      <subfield code="d">OCLCQ</subfield>
    </datafield>
    <datafield tag="035" ind1=" " ind2=" ">
      <subfield code="a">(OCoLC)902704217</subfield>
    </datafield>
    <datafield tag="084" ind1=" " ind2=" ">
      <subfield code="a">74.19</subfield>
      <subfield code="2">bcl</subfield>
    </datafield>
    <datafield tag="100" ind1="1" ind2=" ">
      <subfield code="a">Harrewijn, Jacobus,</subfield>
      <subfield code="d">1660-1727.</subfield>
    </datafield>
    <datafield tag="245" ind1="1" ind2="0">
      <subfield code="a">Bethune :</subfield>
      <subfield code="b">attaque du General Fagel où il a fait ouvrir la tranchée la nuit du 23. au 24me de Juliet : attaque du General Schoulenbourg ou l'on n'a ouvert la tranchee que le 27. de Juliet /</subfield>
      <subfield code="c">Harrewijn f.</subfield>
    </datafield>
    <datafield tag="255" ind1=" " ind2=" ">
      <subfield code="a">Schaal [ca. 1:5.275].</subfield>
    </datafield>
    <datafield tag="260" ind1=" " ind2=" ">
      <subfield code="a">A Bruxelles :</subfield>
      <subfield code="b">chez Eugene Henry Fricx,</subfield>
      <subfield code="c">1710.</subfield>
    </datafield>
    <datafield tag="300" ind1=" " ind2=" ">
      <subfield code="a">1 krt. :</subfield>
      <subfield code="b">kopergrav. ;</subfield>
      <subfield code="c">41 x 46 cm.</subfield>
    </datafield>
    <datafield tag="336" ind1=" " ind2=" ">
      <subfield code="a">cartografische afbeelding</subfield>
      <subfield code="b">cri</subfield>
      <subfield code="2">rdacontent/dut</subfield>
    </datafield>
    <datafield tag="337" ind1=" " ind2=" ">
      <subfield code="a">zonder medium</subfield>
      <subfield code="b">n</subfield>
      <subfield code="2">rdamedia/dut</subfield>
    </datafield>
    <datafield tag="338" ind1=" " ind2=" ">
      <subfield code="a">vel</subfield>
      <subfield code="b">nb</subfield>
      <subfield code="2">rdacarrier/dut</subfield>
    </datafield>
    <datafield tag="500" ind1=" " ind2=" ">
      <subfield code="a">Avec Privilege du Roy.</subfield>
    </datafield>
    <datafield tag="500" ind1=" " ind2=" ">
      <subfield code="a">Legenda (A-E; a-e).</subfield>
    </datafield>
    <datafield tag="500" ind1=" " ind2=" ">
      <subfield code="a">Met schaalstok (100 Toises).</subfield>
    </datafield>
    <datafield tag="650" ind1=" " ind2="7">
      <subfield code="a">Vestingwerken.</subfield>
      <subfield code="0">(NL-LeOCL)078944473.</subfield>
      <subfield code="2">gtt</subfield>
    </datafield>
    <datafield tag="650" ind1=" " ind2="7">
      <subfield code="a">Belegeringen.</subfield>
      <subfield code="0">(NL-LeOCL)078448018.</subfield>
      <subfield code="2">gtt</subfield>
    </datafield>
    <datafield tag="651" ind1=" " ind2="7">
      <subfield code="a">Béthune.</subfield>
      <subfield code="0">(NL-LeOCL)117947970.</subfield>
      <subfield code="2">gtt</subfield>
    </datafield>
    <datafield tag="655" ind1=" " ind2="7">
      <subfield code="a">Kaarten (vorm)</subfield>
      <subfield code="0">(NL-LeOCL)088143554.</subfield>
      <subfield code="2">gtt</subfield>
    </datafield>
    <datafield tag="700" ind1="1" ind2=" ">
      <subfield code="a">Fricx, Eugene Henry,</subfield>
      <subfield code="d">1644-1730.</subfield>
      <subfield code="1">https://id.oclc.org/worldcat/entity/E39PBJvd8MgWjPRYtppDpccXVC</subfield>
    </datafield>
    <datafield tag="856" ind1="4" ind2="1">
      <subfield code="u">http://objects.library.uu.nl/reader/resolver.php?obj=002130920&amp;type=2</subfield>
      <subfield code="x">Online</subfield>
      <subfield code="z">Full text</subfield>
    </datafield>
    <datafield tag="936" ind1=" " ind2=" ">
      <subfield code="a">BATCHLOAD</subfield>
    </datafield>
  </record>